Geology and mineral resources of the Alexis quadrangle, (Record no. 26801)

MARC details
000 -LEADER
fixed length control field 01278cam a22002891 4500
001 - CONTROL NUMBER
control field gs 30000179
003 - CONTROL NUMBER IDENTIFIER
control field DLC
005 - DATE AND TIME OF LATEST TRANSACTION
control field 20260227111334.0
008 - FIXED-LENGTH DATA ELEMENTS--GENERAL INFORMATION
fixed length control field 780502s1929 xx 000 0 eng c
010 ## - LIBRARY OF CONGRESS CONTROL NUMBER
LC control number gs 30000179
035 ## - SYSTEM CONTROL NUMBER
System control number (OCoLC)3855953
040 ## - CATALOGING SOURCE
Original cataloging agency Library, U.S. Geological Survey
Transcribing agency OT
Modifying agency TxU
-- DLC
042 ## - AUTHENTICATION CODE
Authentication code premarc
050 00 - LIBRARY OF CONGRESS CALL NUMBER
Classification number QE105
Item number .A16 no. 57
100 1# - MAIN ENTRY--PERSONAL NAME
Personal name Wanless, Harold R.
Fuller form of name (Harold Rollin),
Dates associated with a name 1899-1970.
245 10 - TITLE STATEMENT
Title Geology and mineral resources of the Alexis quadrangle,
Statement of responsibility, etc. by Harold R. Wanless.
260 ## - PUBLICATION, DISTRIBUTION, ETC.
Place of publication, distribution, etc. Urbana,
Name of publisher, distributor, etc. Printed by authority of the state of Illinois [Springfield, Jeffersons printing & stationery co.]
Date of publication, distribution, etc. 1929.
300 ## - PHYSICAL DESCRIPTION
Extent [3]-230 p. incl. illus., diagrs.
Other physical details VI fold. pl. (2 maps, 4 diagr.) 2 fold. tables.
Dimensions 26 cm.
490 1# - SERIES STATEMENT
Series statement Illinois. State geological survey. Bulletin
Volume/sequential designation no. 57
500 ## - GENERAL NOTE
General note At head of title: State of Illinois. Department of registration and education. Division of the State geological survey.
500 ## - GENERAL NOTE
General note Four folded plates (maps, and 2 diagrams) in pocket.
504 ## - BIBLIOGRAPHY, ETC. NOTE
Bibliography, etc. note Bibliographical references.
650 #0 - SUBJECT ADDED ENTRY--TOPICAL TERM
Topical term or geographic name entry element Geology
Geographic subdivision Illinois.
650 #0 - SUBJECT ADDED ENTRY--TOPICAL TERM
Topical term or geographic name entry element Mines and mineral resources
Geographic subdivision Illinois.
740 0# - ADDED ENTRY--UNCONTROLLED RELATED/ANALYTICAL TITLE
Uncontrolled related/analytical title Alexis quadrangle, Illinois.
830 #0 - SERIES ADDED ENTRY--UNIFORM TITLE
Uniform title Bulletin (Illinois State Geological Survey) ;
Volume/sequential designation no. 57.

No items available.

Powered by Koha